Úloha a význam hospodárskych komôr v medzinárodnom podnikaní bakalárska práca

Guardado en:
Detalles Bibliográficos
Autor principal: Mikundová, Soňa
Autor Corporativo: Obchodná fakulta EU. Katedra medzinárodného obchodu
Otros Autores: Pullmanová, Terézia, 1953-
Formato: Libro
Lenguaje:eslovaco
Publicado: Bratislava 2011
Etiquetas: Agregar Etiqueta
Sin Etiquetas, Sea el primero en etiquetar este registro!

MARC

LEADER 00000nam a2200000 4500
001 0151013
005 20240320072209.5
041 0 |a slo 
044 |a SK 
245 1 0 |a Úloha a význam hospodárskych komôr v medzinárodnom podnikaní  |b bakalárska práca  |c Soňa Mikundová ; školiteľ: Terézia Pullmanová 
264 1 |a Bratislava  |c 2011 
300 |a 55 s. 
100 1 |a Mikundová, Soňa 
700 1 |a Pullmanová, Terézia, 1953- 
710 2 |a Obchodná fakulta EU. Katedra medzinárodného obchodu